000 00350nam a22001217a 4500
008 230612b xxu||||| |||| 00| 0 eng d
082 _a353.900
_bGOK
245 _aProgramme Review and Forward Budget 1998/99 - 2000/2001
_bRecurrent Expenditure
260 _aNairobi.Kenya
_bGOK
_cJanuary,1998
300 _aIII,1983p
440 _vIII
942 _2ddc
_cBK
999 _c1030
_d1030